000 00277nam a2200109Ia 4500
005 20251222144751.0
008 251222s9999||||xx |||||||||||||| ||spa||
082 _a338.98/J89
245 0 _aPara Nosotros la Patria es América
264 _bUnidad de Comunicaciones
942 _cLIB
999 _c19361
_d19361